MARC

LEADER 00000nam0a2200000 4500
001 334705
005 20231102004700.0
035 |a (RuTPU)RU\TPU\book\360985 
090 |a 334705 
100 |a 20170904d1975 m y0rusy50 ca 
101 0 |a rus 
102 |a UA 
105 |a a j 000zy 
200 1 |a Химическая связь  |e учебник  |f К. Б. Яцимирский, В. К. Яцимирский 
210 |a Киев  |c Вища школа  |d 1975 
215 |a 303 с.  |c ил. 
606 1 |a Химическая связь  |2 stltpush  |3 (RuTPU)RU\TPU\subj\70611  |9 84817 
610 1 |a учебники 
610 1 |a библиотека А. Г. Стромберга 
610 1 |a атомы 
610 1 |a строение 
610 1 |a квантовая теория 
610 1 |a квантовая механика 
610 1 |a водород 
610 1 |a гелий 
610 1 |a многоэлектронные атомы 
610 1 |a двухатомные ионные молекулы 
610 1 |a двухатомные ковалентные молекулы 
610 1 |a валентные связи 
610 1 |a метод молекулярных орбиталей 
610 1 |a симметрия 
610 1 |a лиганды 
610 1 |a конденсированные системы 
675 |a 544.14(075.8)  |v 4 
700 1 |a Яцимирский  |b К. Б.  |g Константин Борисович 
701 1 |a Яцимирский  |b В. К.  |g Виталий Константинович 
801 1 |a RU  |b 63413507  |c 20170904 
801 2 |a RU  |b 63413507  |c 20171002  |g RCR 
942 |c BK